Tradiciones costarricenses /

שמור ב:
מידע ביבליוגרפי
מחבר ראשי: Chacón Trejos, Gonzalo
פורמט: לא ידוע
שפה:Spanish
יצא לאור: San José, Costa Rica: Trejos Hermanos, 1964
מהדורה:3. edición aumentada
נושאים:
תגים: הוספת תג
אין תגיות, היה/י הראשונ/ה לתייג את הרשומה!

MARC

LEADER 000000000a22000000004500
001 000682
008 140808s1964 cr g |||| 000 1 spa d
041 0 |a español 
082 |a CR863.4  |b Ch431t3 
100 1 |a Chacón Trejos, Gonzalo 
245 1 0 |a Tradiciones costarricenses /  |c Gonzalo Chacón Trejos 
250 |a 3. edición aumentada 
260 |a San José, Costa Rica:   |b Trejos Hermanos,   |c 1964 
300 |a 176 páginas 
500 |a Número de inscripción 00471 
650 4 |a LITERATURA COSTARRICENSE  |v CUENTOS 
650 4 |a FOLCLOR  |z COSTA RICA 
942 |2 ddc  |c BK 
999 |c 1465  |d 1465